1386 1512 1341 1615 1394 1386 1345 1978 1314 1138 1586 1314 1374 1201 1943 1069 1817 1426 1923 1550 1970 1416 1113 1808 1924 1271 1288 1169 1936 1759 1845 1207 1409 1819 1674 1649 1305 1959 1459 1846 1712 1894 1703 1662 1434 1517 1248 1940 1358 1990 1126 1676 1703 1849 1400 1545 1812 1112 1502 1151 1195 1214 1393 1101 1912 1784 1729 1469 1093 1593 1012 1607 1578 1337 1493 1015 1157 1132 1384 1302 1324 1333 1545 1484 1119 1132 1216 1955 1458 1873 1781 1640 1118 1489 1006 1798 1877 1383 1934 BCNSPRNW ULIB Ver.6.0+V

เปลี่ยนเป็นภาษาไทย

Change to English
 แสดงรายละเอียดบรรณานุกรม
  กลับหน้าหลัก

Brief Record : Get Marc (ISO 2709) : E-mail record : QR code < ปิดหน้าต่าง
LEADER : 00000nas 2200000uu 4500
001    13399120113
003     ULIB
008    020711s|||| th a 000 0 tha d
022    ^a15134695
110    ^aสมาคมพฤฒาวิทยาและเวชศาสตร์ผู้สูงอายุ
245    ^aวารสารพฤฒาวิทยาและเวชศาสตร์ผู้สูงอายุ /^cสมาคมพฤฒาวิทยาและเวชศาสตร์ผู้สูงอายุ
260    กรุงเทพฯ :^bสมาคมพฤฒาวิทยาและเวชศาสตร์ผู้สูงอายุ,^cม.ป.ป.
310    ^aรายสี่เดือน
850    ^aปีที่15 ฉบับที่3 ฉ.1
945    ^p0^l0^i900672
999    ^aวรรณษา ชูชัยมงคล
รายการนี้ยังไม่มีแท็ก
คุณยังไม่ได้ล็อกอิน คุณสามารถมีกิจกรรมร่วมกับเว็บไซต์ได้ แต่ต้องล็อกอินก่อน ::
  ล็อกอิน

รายการสื่อสารสนเทศ (วารสาร)

ดูแบบ: กล่อง รายการ
ARRIVED
ปีที่ 4 ฉบับที่ 7
สถานที่: ห้องสมุดวิทยาเขตสวรรค์ประชารักษ์ >วารสาร

BibComment


ยังไม่เคยถูกคอมเมนท์

คอมเมนท์ทรัพยากรรายการนี้
  คอมเมนท์: วารสารพฤฒาวิทยาแ..


 Copyright 2026. Bcnsprnw @Library